Projektové riadenie a jeho realizácia v podmienkach VÚJE, a.s. Trnava : Diplomová práca

Gespeichert in:
Bibliographische Detailangaben
1. Verfasser: Šatura, Ivan (Verfasst von)
Weitere Verfasser: Ončáková, Eva (xxx)
Format: Manuskript Buch
Sprache:Slowakisch
Veröffentlicht: Trnava : STU v Bratislave MtF KPIM, 2005
Schlagworte:
Tags: Tag hinzufügen
Keine Tags, Fügen Sie das erste Tag hinzu!

MARC

LEADER 00000ntm a22000003a 4500
001 stu94687
005 20160719154530.3
008 050622s2005----xo------------------slo-d
040 |a STU  |b slo 
041 0 |a slo 
044 |a xo 
100 1 |a Šatura, Ivan  |4 aut 
245 1 |a Projektové riadenie a jeho realizácia v podmienkach VÚJE, a.s. Trnava :  |b Diplomová práca 
260 |a Trnava :  |b STU v Bratislave MtF KPIM,  |c 2005 
300 |a 73 s  |c 1 CD 
650 7 |a priemyselné inžinierstvo a manažment  |2 stusub 
650 7 |a projektové riadenie  |2 stusub 
700 1 |a Ončáková, Eva  |4 xxx 
996 |b 284M052274  |c M*DP-5746  |l MMSKP  |s P  |a 0  |w stu94687_0001